000 00560nam a2200181Ia 4500
003 GCL
005 20240530103506.0
008 140319s9999 xx 000 0 ara d
040 _aGCL /
_cGCL
082 0 4 _a811.9
_bح ح
100 1 _aحسن فتح الباب
245 1 0 _aحبنا اقوى من الموت /
_cحسن فتح الباب
300 _a117 ص
650 0 4 _aالشعر العربى - دواوين وقصائد
650 0 4 _aالشعر العربى - العصر الحديث
650 0 4 _aالشعر العربى - مصر
942 _2ddc
_cBK
999 _c39934
_d39934